| 000 | 00705nam a22001817a 4500 | ||
|---|---|---|---|
| 003 | OSt | ||
| 005 | 20251107084506.0 | ||
| 008 | 251106b |||||||| |||| 00| 0 eng d | ||
| 040 | _c0 | ||
| 082 | _aDPer 372.83044 SoI31 September 2022-April 2023 v. 35 n. 1-4 | ||
| 100 |
_aSonu, Debbie. _eauthor. _969261 |
||
| 245 |
_aIt's time for class : _bexamining economic inequality in fourth and fifth grade / _cSebbie Sonu. |
||
| 260 |
_aNCSS Publication ; _cNovember-December 2022. |
||
| 300 |
_aVolume 35, pages 3-10 : _billustration ; _c28 cm. |
||
| 500 | _aSocial Studies and the Young Learner, vol. 35, no. 2, pages 3-10, November/December 2022. | ||
| 700 |
_aSonu, Debbie. _eauthor. _969261 |
||
| 942 |
_2ddc _cPER |
||
| 999 |
_c24161 _d24161 |
||